Senedd Members (2021-2026) - Statistics

General Stats
  • This quiz has been taken 52 times
  • The average score is 37 of 60
Answer Stats
Hint Answer % Correct
Blaenau Gwent Alun Davies
100%
South Wales Central Andrew RT Davies
100%
Ceredigion Elin Jones
100%
Mid and West Wales Eluned Morgan
100%
Vale of Clwyd Gareth Davies
100%
Ogmore Huw Irranca-Davies
100%
Cardiff North Julie Morgan
100%
South Wales East Laura Anne Jones
100%
Cardiff West Mark Drakeford
100%
Preseli Pembrokeshire Paul Davies
100%
Cardiff South and Penarth Vaughan Gething
100%
Mid and West Wales Jane Dodds
86%
South Wales East Peredur Owen Griffiths
86%
Ynys Mon Rhun ap Iorwerth
86%
South Wales West Sioned Williams
86%
Carmarthen East and Dinefwr Adam Price
71%
Rhondda Buffy Williams
71%
Brecon and Radnorshire James Evans
71%
Vale of Glamorgan Jane Hutt
71%
South Wales Central Joel James
71%
Newport East John Griffiths
71%
Swansea West Julie James
71%
Wrexham Lesley Griffiths
71%
South Wales West Luke Fletcher
71%
Gower Rebecca Evans
71%
South Wales Central Rhys ab Owen
71%
Clwyd West Darren Millar
57%
Caerphilly Hefin David
57%
South Wales Central Heledd Fychan
57%
Aberconwy Janet Finch-Saunders
57%
Cardiff Central Jenny Rathbone
57%
Neath Jeremy Miles
57%
Llanelli Lee Waters
57%
Pontypridd Mick Antoniw
57%
Swansea East Mike Hedges
57%
Monmouth Peter Fox
57%
Bridgend Sarah Murphy
57%
Cynon Valley Vikki Howells
57%
South Wales West Altaf Hussein
43%
North Wales Carolyn Thomas
43%
South Wales East Delyth Jewell
43%
Delyn Hannah Blythyn
43%
Newport West Jayne Bryant
43%
Clwyd South Ken Skates
43%
Dwyfor Meirionnydd Mabon ap Gwynfor
43%
Islwyn Rhianon Passmore
43%
North Wales Sam Rowlands
43%
Carmarthen West and South Pembrokeshire Samuel Kurtz
43%
South Wales West Tom Giffard
43%
Mid and West Wales Cefin Campbell
29%
Merthyr Tydfil and Rhymney Dawn Bowden
29%
Alyn and Deeside Jack Sargeant
29%
North Wales Llyr Grufydd
29%
Torfaen Lynne Neagle
29%
North Wales Mark Isherwood
29%
South Wales East Natasha Asghar
29%
Montgomeryshire Russell George
29%
Aberavon David Rees
14%
Mid and West Wales Joyce Watson
14%
Arfon Sian Gwellian
14%
No matching quizzes found
Score Distribution
Percent of People with Each Score
Percentile by Number Answered
Your Score History
You have not taken this quiz